組曲「ニコニコ動画」 - Statistics

General Stats
  • This quiz has been taken 55 times
  • The average score is 13 of 33
Answer Stats
Hint 曲名 % Correct
涼宮ハルヒの憂鬱(2006)ED ハレ晴レユカイ
73%
涼宮ハルヒの憂鬱12話 God knows...
69%
ことばのパズル ふたりのもじぴったん
64%
ぼくらのOP アンインストール
60%
てつくずおきば エアーマンが倒せない
58%
ひぐらしのなく頃に you
58%
菊地真ソロ曲 エージェント夜を往く
56%
東方乙女囃子(IOSYS) 魔理沙は大変なものを盗んでいきました
56%
武装錬金OP 真赤な誓い
49%
AIR OP 鳥の詩
49%
すぎやまこういち作曲ゲームBGM 序曲
49%
デジモン Butter-Fly
49%
sm9 レッツゴー!陰陽師
44%
東方ストライク(COOL&CREATE) Help me, ERINNNNNN!!
44%
Nursery Rhyme OP true my heart
44%
ロックマン2 Dr. Willy STAGE1
42%
らき☆すたOP もってけ!セーラーふく
40%
AKINOが歌う同名アニメのOP 創聖のアクエリオン
40%
MADLAX ED nowhere
40%
東方萃奏楽(Silver Forest) つるぺったん
36%
マリオRPG 森のキノコにご用心
33%
湯浅プリンス あいつこそがテニスの王子様
33%
ED さくら
33%
植松伸夫作曲ゲームBGM FINAL FANTASY
29%
東方月燈籠(IOSYS) 患部で止まってすぐ溶ける~狂気の優曇華院
24%
スパロボ第3次αOP GONG
24%
少し楽しくなる動画 RODEO MACHINE
24%
ドタバタ☆ジャンゴ 勇気VS意地
22%
狂戦士の魂 クリティウスの牙
18%
スーパーマリオワールド Here we go!
18%
上記カップリング kiss my lips
16%
ふぃぎゅ@メイトOP ガチャガチャきゅ~と・ふぃぎゅ@メイト
4%
ふぃぎゅ@謝肉祭OP ガチャガチャへるつ・ふぃぎゅ@ラジオ
2%
No matching quizzes found
Score Distribution
Percent of People with Each Score
Percentile by Number Answered
Your Score History
You have not taken this quiz